Guess the Dinosaur By the Hint - Statistics

General Stats
  • This quiz has been taken 47 times
  • The average score is 5 of 17
Answer Stats
Hint Answer % Correct
The Tallest Carnivorous Theropod Dinosaur Spinosaurus
90%
This Was the First Dinosaur to ever be named Megalosaurus
63%
This Dinosaur is thought to be a Sub-Adult Pachycephalosaurus by some Paleontologists Stygimoloch
60%
A Ceratopsian With a Boney Mass on its nose called a "Boss" Instead of a large horn Pachyrhinosaurus
47%
The Largest Antarctic Theropod Cryolophosaurus
40%
A Nodosaur that has the most complete fossil found of any Dinosaur Borealopelta
30%
A Ceratopsian that Many people compare to a bull because of its Horns' shape Nasutoceratops
30%
The Stegosaurid with the most neck Vertebrae, With 17 (Might be an invalid genus) Miragaia
27%
This Dinosaur may have Wings made of skin like Bats Yi Qi
27%
It had 1 Crest, Has a similar name to Dilophosaurus but was slightly larger Monolophosaurus
23%
This Nigerian Spinosaurid had a relativly short spine for a spinosaur, And is larger than Its more famous relative, Baryonyx Suchomimus
20%
Its Name Means "Moderate Spined Lizard" Metriacanthosaurus
17%
The Largest Ceratopsian with No Horns on its face Udanoceratops
17%
The Smallest Therizinosaurid Beipiaosaurus
13%
This Jurassic Theropod is often Depicted to have a crest because of how it looked in the Documentary "Walking With Dinosaurs", But in reality it did not Ornitholestes
10%
The Second largest Therizinosaurid, And may have also Fed on Fish Segnosaurus
10%
This Dinosaur is thought to be a Therizinosaurid by some people, even though it is actually an Ornithomimasaurian Deinocheirus
3%
No matching quizzes found
Score Distribution
Percent of People with Each Score
Percentile by Number Answered
Your Score History
You have not taken this quiz